Guess the Mediterranean Country - Statistics

General Stats
  • This quiz has been taken 56 times
    26 since last reset
  • The average score is 14 of 15
Answer Stats
Hint Country % Correct
Only Mediterranean Island Nation located partially in Asia Cyprus
100%
Most populous Mediterranean Country Egypt
100%
Only Mediterranean Island Nation located in Europe Malta
100%
Largest Mediterranean Country (By area) Algeria
96%
Mediterranean Country which has over 5,000 islands Greece
96%
Mediterranean Country which is known for its "boot-like" shape Italy
96%
Mediterranean Country which has a capital city nicknamed "The Fashion Capital" France
91%
Mediterranean Country which currently has border disputes with a partially recognised country called "Palestine" Israel
91%
Smallest Mediterranean Country (By area) Monaco
91%
Two Mediterranean Countries which are currently undergoing a Civil War Syria
91%
Mediterranean Country which has a largest city named "Zagreb" Croatia
87%
Mediterranean Country which controls the Suez Canal Egypt
87%
Mediterranean Country which is located on the Iberian Peninsula Spain
87%
Libya
78%
European Mediterranean Country which has the largest Muslim Majority Albania
74%
No matching quizzes found
Score Distribution
Percent of People with Each Score
Percentile by Number Answered
Your Score History
You have not taken this quiz since the last reset